000
00306nam a22001337a 4500
008
181203b xxu||||| |||| 00| 0 eng d
020
_a
9780470430668
041
_a
eng
080
_a
573
100
_a
11
101
_a
BIO
245
_a
Molecular & Cell Biology for Dummies
_c
Kratz,R.F
942
_2
udc
_c
BK
999
_c
52722
_d
52722